Bibliografía de Catarina de San Juan y de la China Poblana / (Record no. 5613)

MARC details
000 -CABECERA
campo de control de longitud fija 00683nam a2200181 a 4500
005 - FECHA Y HORA DE LA ÚLTIMA TRANSACCIÓN
campo de control 20221028063504.0
008 - ELEMENTOS DE LONGITUD FIJA--INFORMACIÓN GENERAL
campo de control de longitud fija 991125s1950 mx 000 0 spa u
035 ## - NÚMERO DE CONTROL DEL SISTEMA
Número de control de sistema UPN01000005613
049 ## - COLECCIÓN
Colección CG
050 #4 - SIGNATURA TOPOGRÁFICA DE LA BIBLIOTECA DEL CONGRESO
Número de clasificación Z8155.45
Número de documento/Ítem C3.2
100 1# - ASIENTO PRINCIPAL--NOMBRE PERSONAL
Nombre de persona Carrasco Puente, Rafael,
Fechas asociadas al nombre 1902-
9 (RLIN) 30209
245 10 - MENCIÓN DE TÍTULO
Título Bibliografía de Catarina de San Juan y de la China Poblana /
Mención de responsabilidad, etc. Rafael Carrasco Puente ; pról. Carlos González Peña.
260 ## - PUBLICACIÓN, DISTRIBUCIÓN, ETC.
Lugar de publicación, distribución, etc. México :
Nombre del editor, distribuidor, etc. SRE, Departamento de Información para el Extranjero,
Fecha de publicación, distribución, etc. 1950.
300 ## - DESCRIPCIÓN FÍSICA
Extensión xvii, 149 p. :
Otras características físicas il.
440 #0 - MENCIÓN DE SERIE/ASIENTO SECUNDARIO--TÍTULO
Título Monografías bibliográficas mexicanas.
Nombre de parte o sección de la obra Segunda serie ;
Designación de volumen o secuencia 3
600 04 - ASIENTO SECUNDARIO DE MATERIA - NOMBRE PERSONAL
Nombre de persona CATARINA DE SAN JUAN,
Fechas asociadas al nombre 1614-1688
9 (RLIN) 6504
905 ## - TIPO DE MATERIAL
Tipo de material Libro
Holdings
Estado de retiro Estado de pérdida Fuente del sistema de clasificación o colocación Estado dañado No para préstamo Código de colección Localización permanente Ubicación/localización actual Ubicación en estantería Total de préstamos Clasificación Código de barras Fecha visto por última vez Número de copia Tipo de ítem Koha
    Library of Congress Classification     Colección General Bib. Gregorio Torres Quintero Bib. Gregorio Torres Quintero Planta baja   Z8155.45 C3.2 47021 31/12/2020 1 Libro